Statistics for NASCAR 2023 Drivers

Click here to take the quiz!

General Stats

  • This quiz has been taken 9 times
  • The average score is 28 of 51

Answer Stats

HintAnswer% Correct
2Austin Cindric
78%
3Austin Dillon
78%
6Brad Keselowski
78%
9Chase Elliott
78%
7Corey Lajoie
78%
9*Josh Berry
78%
29*Kevin Harvick
78%
4Kevin Harvick
78%
8Kyle Busch
78%
5Kyle Larson
78%
19Martin Truex Jr.
78%
1Ross Chastain
78%
12Ryan Blaney
78%
24William Byron
78%
16A.J. Allmendinger
67%
10Aric Almirola
67%
14Chase Briscoe
67%
20Christopher Bell
67%
11Denny Hamlin
67%
84Jimmie Johnson
67%
22Joey Logano
67%
42Noah Gragson
67%
41Ryan Preece
67%
77Ty Dillon
67%
54Ty Gibbs
67%
78B.J. Mcleod
56%
23Bubba Wallace
56%
99Daniel Suarez
56%
43Eric Jones
56%
21Harrison Burton
56%
34Michael McDowell
56%
47Ricky Stenhouse Jr.
56%
51*Ryan Newman
56%
45Tyler Reddick
56%
48Alex Bowman
44%
17Chris Buscher
44%
51*Cody Ware
44%
91*Kimi Raikkonen
44%
91*Shane Van Gisbergen
44%
67Travis Pastrana
44%
15*Jenson Button
33%
15*J.J. Yeley
33%
9*Jordan Taylor
33%
42*Mike Rockenfeller
33%
15*Riley Herbst
33%
38Zane Smith
33%
36David Ragan
22%
51*Cole Custer
11%
13Johnathan Davenport
11%
15*Andy Lally
0%
33Broodie Kostecki
0%

Score Distribution

Percentile by Number Answered

Percent of People with Each Score

Your Score History

You have not taken this quiz